000 00554nam a22001937a 4500
003 KOHA_MİRAKIL
005 20251221162953.0
008 251221b tu ||||| |||| 00| 0 tur d
020 _a9786051964300
040 _aTR-AnABB
_btur
_cTR-AnABB
041 _atur
082 _a305.231
_bORD 2020
100 1 _aÖrdem, Özlem Aydoğmuş,
245 1 0 _aÇocukluk sosyolojisi /
_cÖzlem Aydoğmuş Ördem
260 _aİstanbul :
_bÇizgi Kitabevi Yayınları,
_c2020
300 _a127 sayfa ;
_c22 cm
650 0 4 _aSosyoloji
942 _2ddc
_cBK
999 _c9872
_d9872
900 _bGizem YORULMAZ